| 000 | 01276nam a22003497a 4500 | ||
|---|---|---|---|
| 003 | CHAP | ||
| 005 | 20220329133844.0 | ||
| 008 | 971013s1952 mx a r 00010 spa d | ||
| 010 | _a11834 | ||
| 011 | _a12806 | ||
| 035 | _a16502 | ||
| 040 | _cCHAP | ||
| 090 | _aTesis | ||
| 100 | 0 | 0 |
_aRamírez Martínez, Abel. _994128 |
| 245 | 1 | 0 |
_aPropagación gubernamental del Hevea brasilliensis en el Edo. de Veracruz, y el problema de la enfermedad sudamericana de la hoja _c/por Abel Ramírez martínez |
| 260 |
_aMéxico, D.F. : _bEl autor, _c1952 |
||
| 300 | _a63 h. | ||
| 502 | _aTesis (Ing. Agr. Esp. en Parasitología Agrícola) -- ENA. Departamento de Parasitología Agrícola | ||
| 590 |
_aALEPH _b10 _c20130110 _lUCH01 _h1230 |
||
| 590 |
_aBATCH-UPD _b10 _c20130110 _lUCH01 _h1708 |
||
| 590 |
_aBATCH-UPD _b10 _c20130410 _lUCH01 _h1054 |
||
| 590 |
_aBATCH-UPD _b10 _c20130914 _lUCH01 _h0901 |
||
| 590 |
_aCONVERSION _b10 _c20130109 _lUCH01 _h1308 |
||
| 650 | 1 | 4 |
_aCaucho _xVeracruz. _920567 |
| 650 | 1 | 4 |
_aDothidela ulei. _934056 |
| 650 | 1 | 4 |
_aHevea. _955088 |
| 901 | _aBK | ||
| 942 | _cFOLL | ||
| 949 |
_aTesis _bBC _cTES _d-149628 _eTS1 _i16502 _si |
||
| 949 |
_aTesis _bBC _cTES _d-149629 _eTS2 _fc.2 _i16502 _si |
||
| 949 |
_aTesis _bBC _cTES _d33724002203678 _eTS2 _fc.3 _h51780 _i16502 _sb |
||
| 999 |
_c11834 _d11834 |
||